[Event "Gibtelecom Masters 1st"]
[Site "Gibraltar"]
[Date "2003.01.31"]
[Round "4"]
[White "Zak, Uriel"]
[Black "Gyimesi, Zoltan"]
[Result "1/2-1/2"]
[WhiteElo "2341"]
[BlackElo "2585"]
[PlyCount "33"]
[EventDate "2003.01.28"]
[EventType "swiss"]
[EventRounds "10"]
[EventCountry "GGB"]
[SourceTitle "BritBase"]
[Source "www.saund.co.uk"]
[SourceDate "2018.02.10"]
[SourceVersion "1"]
[SourceVersionDate "2018.02.10"]
[SourceQuality "1"]

1. e4 e5 2. Nf3 Nc6 3. Bb5 a6 4. Ba4 Nf6 5. O-O Be7 6. d4 exd4 7. e5 Ne4 8.
Nxd4 Nxd4 9. Qxd4 Nc5 10. Nc3 O-O 11. Nd5 d6 12. Nxe7+ Qxe7 13. exd6 Qxd6 14.
Qxd6 cxd6 15. Bb3 Nxb3 16. axb3 Be6 17. b4 1/2-1/2

[Event "Gibtelecom Masters 1st"]
[Site "Gibraltar"]
[Date "2003.02.01"]
[Round "5"]
[White "Bellin, Robert"]
[Black "Cramling, Pia"]
[Result "1/2-1/2"]
[WhiteElo "2360"]
[BlackElo "2492"]
[PlyCount "33"]
[EventDate "2003.01.28"]
[EventType "swiss"]
[EventRounds "10"]
[EventCountry "GGB"]
[SourceTitle "BritBase"]
[Source "www.saund.co.uk"]
[SourceDate "2018.02.10"]
[SourceVersion "1"]
[SourceVersionDate "2018.02.10"]
[SourceQuality "1"]

1. e4 c5 2. Nf3 e6 3. b3 Nc6 4. Bb2 Nf6 5. e5 Nd5 6. g3 Be7 7. c4 Nc7 8. Nc3 d6
9. exd6 Bxd6 10. d4 O-O 11. Bg2 cxd4 12. Nxd4 Nxd4 13. Qxd4 e5 14. Qe3 Qe7 15.
O-O Bc5 16. Qe2 f6 17. Ne4 1/2-1/2

[Event "Gibtelecom Masters 1st"]
[Site "Gibraltar"]
[Date "2003.02.01"]
[Round "5"]
[White "Gyimesi, Zoltan"]
[Black "Plaskett, James"]
[Result "1/2-1/2"]
[WhiteElo "2585"]
[BlackElo "2467"]
[PlyCount "28"]
[EventDate "2003.01.28"]
[EventType "swiss"]
[EventRounds "10"]
[EventCountry "GGB"]
[SourceTitle "BritBase"]
[Source "www.saund.co.uk"]
[SourceDate "2018.02.10"]
[SourceVersion "1"]
[SourceVersionDate "2018.02.10"]
[SourceQuality "1"]

1. d4 e6 2. c4 b6 3. a3 Bb7 4. Nc3 Nf6 5. d5 Bd6 6. Nf3 O-O 7. g3 c6 8. dxc6
dxc6 9. Bg2 Qe7 10. O-O Rd8 11. Qc2 Nbd7 12. Rd1 Rac8 13. Ng5 h6 14. Nge4 Be5
1/2-1/2

[Event "Gibtelecom Masters 1st"]
[Site "Gibraltar"]
[Date "2003.02.01"]
[Round "5"]
[White "Korneev, Oleg"]
[Black "Johansen, Darryl"]
[Result "1/2-1/2"]
[WhiteElo "2613"]
[BlackElo "2487"]
[PlyCount "146"]
[EventDate "2003.01.28"]
[EventType "swiss"]
[EventRounds "10"]
[EventCountry "GGB"]
[SourceTitle "BritBase"]
[Source "www.saund.co.uk"]
[SourceDate "2018.02.10"]
[SourceVersion "1"]
[SourceVersionDate "2018.02.10"]
[SourceQuality "1"]

1. e4 e6 2. d4 d5 3. Nc3 Bb4 4. e5 b6 5. a3 Bf8 6. Nf3 Ba6 7. Bxa6 Nxa6 8. Qd3
Nb8 9. Ne2 Ne7 10. O-O Qd7 11. Be3 Nbc6 12. Rfc1 g6 13. h4 h5 14. c4 Bg7 15.
Nf4 O-O 16. cxd5 Nxd5 17. Nxd5 Qxd5 18. Qc4 Ne7 19. Qxc7 Nf5 20. Qc6 Nxe3 21.
fxe3 Bh6 22. Kf2 Qb3 23. Qc3 Qd5 24. Qc6 Qb3 25. Qc3 Qd5 26. Qd3 Rac8 27. b3
Qd7 28. Rc4 b5 29. Rcc1 a5 30. b4 axb4 31. axb4 Rfd8 32. Rc5 Bf8 33. Rxb5 Rb8
34. Rxb8 Rxb8 35. Rb1 Rxb4 36. Rxb4 Bxb4 37. e4 Kg7 38. Qc4 Qa4 39. Kg1 Qd1+
40. Kh2 Bd2 41. Kg3 Be1+ 42. Kh2 Bd2 43. Kg3 Be1+ 44. Kh3 Bf2 45. Kh2 g5 46.
hxg5 h4 47. Qa2 Bxd4 48. Kh3 Qd3 49. Qd2 Qxd2 50. Nxd2 Bxe5 51. Kxh4 Kg6 52.
Kg4 Bc3 53. Nf3 Bb2 54. Nh4+ Kg7 55. Kh5 Bd4 56. g6 fxg6+ 57. Nxg6 Kf6 58. g4
Be3 59. e5+ Kf7 60. Nh4 Kg7 61. Nf3 Bf2 62. Nd2 Bg3 63. Nf3 Bf2 64. g5 Bb6 65.
Kh4 Kg6 66. Kg4 Bc7 67. Kf4 Kh5 68. Ke4 Bb8 69. Kd4 Ba7+ 70. Kd3 Bb6 71. Ke4
Ba7 72. Kf4 Bb8 73. Nd4 Bxe5+ 1/2-1/2

[Event "Gibtelecom Masters 1st"]
[Site "Gibraltar"]
[Date "2003.02.01"]
[Round "5"]
[White "Ledger, Andrew"]
[Black "Medvegy, Nora"]
[Result "1/2-1/2"]
[WhiteElo "2397"]
[BlackElo "2376"]
[PlyCount "72"]
[EventDate "2003.01.28"]
[EventType "swiss"]
[EventRounds "10"]
[EventCountry "GGB"]
[SourceTitle "BritBase"]
[Source "www.saund.co.uk"]
[SourceDate "2018.02.10"]
[SourceVersion "1"]
[SourceVersionDate "2018.02.10"]
[SourceQuality "1"]

1. Nf3 Nf6 2. g3 d5 3. Bg2 Bg4 4. Ne5 Bf5 5. c4 c6 6. cxd5 cxd5 7. Nc3 Nc6 8.
d4 e6 9. O-O Be7 10. Bf4 O-O 11. Nxc6 bxc6 12. Rc1 Rc8 13. Na4 Nd7 14. Be3 Nb6
15. f3 Nxa4 16. Qxa4 Qb6 17. Bf2 Qxb2 18. e4 dxe4 19. fxe4 Bg4 20. Qxa7 Bg5 21.
Rb1 Qd2 22. Qc5 Ra8 23. a3 Be3 24. Qb4 Rfd8 25. d5 Qxb4 26. Rxb4 c5 27. Rb7
Bxf2+ 28. Rxf2 f6 29. h3 Bh5 30. dxe6 Rxa3 31. Rd2 Re8 32. g4 Bg6 33. e5 Rg3
34. Rc7 Be4 35. Rxc5 Rxe6 36. exf6 Rxf6 1/2-1/2

[Event "Gibtelecom Masters 1st"]
[Site "Gibraltar"]
[Date "2003.02.01"]
[Round "5"]
[White "Ledger, David"]
[Black "Tissir, Mohamed"]
[Result "1-0"]
[WhiteElo "2267"]
[BlackElo "2366"]
[PlyCount "139"]
[EventDate "2003.01.28"]
[EventType "swiss"]
[EventRounds "10"]
[EventCountry "GGB"]
[SourceTitle "BritBase"]
[Source "www.saund.co.uk"]
[SourceDate "2018.02.10"]
[SourceVersion "1"]
[SourceVersionDate "2018.02.10"]
[SourceQuality "1"]

1. e4 e5 2. Bc4 Nf6 3. d3 Nc6 4. Nf3 Bc5 5. c3 a6 6. Bb3 Ba7 7. O-O h6 8. Nbd2
O-O 9. Re1 d6 10. Nf1 Ne7 11. Ng3 Ng6 12. h3 Be6 13. d4 c6 14. dxe5 dxe5 15.
Qxd8 Raxd8 16. Bxe6 fxe6 17. Be3 Bxe3 18. Rxe3 Rf7 19. Nf1 Rfd7 20. g3 Kf7 21.
Ne1 Ke7 22. f3 h5 23. h4 Nh8 24. Kf2 Nf7 25. Ke2 g5 26. hxg5 Nxg5 27. Nd3 Nf7
28. Nc5 Rc7 29. Rd3 Ra8 30. Ne3 b6 31. Nb3 a5 32. a4 Rg8 33. Kf2 Nd6 34. Rdd1
Rcc8 35. Rg1 Rcd8 36. Ke2 Rg7 37. Nd2 Rdg8 38. Kf2 Rf8 39. Ke2 Nd7 40. Ndc4 Nb7
41. b4 Ra8 42. Rgd1 Ra7 43. Kf2 Rg8 44. Rh1 Rh8 45. Ng4 Raa8 46. Ngxe5 Nxe5 47.
Nxe5 Rag8 48. Rad1 Kf6 49. Nd7+ Kg6 50. Nxb6 Rd8 51. Nc4 axb4 52. cxb4 c5 53.
b5 Ra8 54. Rd7 Rxa4 55. Ne5+ Kf6 56. Ng4+ Kg6 57. Rxb7 Ra2+ 58. Kg1 Ra1+ 59.
Kg2 Ra2+ 60. Nf2 Rd8 61. Rc7 Rdd2 62. Rf1 Rdc2 63. b6 Rab2 64. b7 c4 65. f4 c3
66. Kf3 Rd2 67. Rxc3 Rxb7 68. Nd3 Rh2 69. Rf2 Rh1 70. Rc1 1-0

[Event "Gibtelecom Masters 1st"]
[Site "Gibraltar"]
[Date "2003.02.01"]
[Round "5"]
[White "Pavlovic, Milos"]
[Black "Gullaksen, Eirik"]
[Result "1-0"]
[WhiteElo "2560"]
[BlackElo "2354"]
[PlyCount "69"]
[EventDate "2003.01.28"]
[EventType "swiss"]
[EventRounds "10"]
[EventCountry "GGB"]
[SourceTitle "BritBase"]
[Source "www.saund.co.uk"]
[SourceDate "2018.02.10"]
[SourceVersion "1"]
[SourceVersionDate "2018.02.10"]
[SourceQuality "1"]

1. e4 c5 2. Nf3 Nc6 3. d4 cxd4 4. Nxd4 Nf6 5. Nc3 e5 6. Ndb5 d6 7. Bg5 a6 8.
Na3 b5 9. Bxf6 gxf6 10. Nd5 Bg7 11. Bd3 Ne7 12. Nxe7 Qxe7 13. O-O f5 14. exf5
Bb7 15. c3 Qg5 16. g3 O-O 17. h4 Qe7 18. Nc2 Kh8 19. Ne3 d5 20. Qh5 e4 21. Bc2
Rad8 22. Rad1 d4 23. cxd4 Bxd4 24. Rfe1 Bxb2 25. Rxd8 Rxd8 26. Bb3 Rd7 27. Rd1
Rxd1+ 28. Qxd1 Kg7 29. f6+ Qxf6 30. Qd7 Ba8 31. g4 h6 32. Nf5+ Kh7 33. Bxf7 Qc6
34. Bg8+ Kxg8 35. Ne7+ 1-0

[Event "Gibtelecom Masters 1st"]
[Site "Gibraltar"]
[Date "2003.02.01"]
[Round "5"]
[White "Schmitz, Manuela"]
[Black "Soh, Edmund"]
[Result "1/2-1/2"]
[WhiteElo "2111"]
[BlackElo "2029"]
[PlyCount "46"]
[EventDate "2003.01.28"]
[EventType "swiss"]
[EventRounds "10"]
[EventCountry "GGB"]
[SourceTitle "BritBase"]
[Source "www.saund.co.uk"]
[SourceDate "2018.02.10"]
[SourceVersion "1"]
[SourceVersionDate "2018.02.10"]
[SourceQuality "1"]

1. d4 Nf6 2. c4 c5 3. d5 b5 4. a4 bxc4 5. Nc3 d6 6. e4 Ba6 7. f4 Nbd7 8. Nf3 g6
9. Be2 Bg7 10. O-O O-O 11. Nd2 Rb8 12. Nxc4 Rb4 13. Nd2 Qb6 14. a5 Qb7 15. Re1
Rb8 16. Bxa6 Qxa6 17. Nf3 Ne8 18. e5 Nf8 19. Qd2 Bh6 20. g3 Qc4 21. Re4 Qa6 22.
Re1 Qc4 23. Re4 Qa6 1/2-1/2

[Event "Gibtelecom Masters 1st"]
[Site "Gibraltar"]
[Date "2003.02.01"]
[Round "5"]
[White "Shaw, John Kerr"]
[Black "Gayson, Peter"]
[Result "1-0"]
[WhiteElo "2470"]
[BlackElo "2257"]
[PlyCount "111"]
[EventDate "2003.01.28"]
[EventType "swiss"]
[EventRounds "10"]
[EventCountry "GGB"]
[SourceTitle "BritBase"]
[Source "www.saund.co.uk"]
[SourceDate "2018.02.10"]
[SourceVersion "1"]
[SourceVersionDate "2018.02.10"]
[SourceQuality "1"]

1. e4 c5 2. Nf3 e6 3. c3 d5 4. exd5 Qxd5 5. d4 Nc6 6. Be3 cxd4 7. cxd4 Nf6 8.
Nc3 Qd8 9. a3 Be7 10. Bd3 O-O 11. O-O b6 12. Qe2 Bb7 13. Rad1 Rc8 14. Rfe1 Na5
15. Nb1 Bxf3 16. Qxf3 Qd5 17. Qe2 Qb3 18. Rc1 Rfd8 19. Ba6 Rxc1 20. Rxc1 Nd5
21. Bd3 g6 22. Rc2 Nxe3 23. fxe3 Bg5 24. Nd2 Qd5 25. Be4 Qd7 26. Nf3 Bf6 27.
Qa6 Bg7 28. b4 f5 29. Bd3 Nb3 30. Qc4 Bxd4 31. exd4 Nxd4 32. Nxd4 Qxd4+ 33.
Qxd4 Rxd4 34. Bb5 a5 35. bxa5 bxa5 36. Rc7 e5 37. Ra7 e4 38. Kf2 f4 39. Rxa5
Rd2+ 40. Be2 Ra2 41. a4 Kf7 42. Ke1 Ra1+ 43. Bd1 Kf6 44. Ra8 g5 45. a5 g4 46.
a6 f3 47. gxf3 gxf3 48. a7 Kg7 49. Kd2 Kh6 50. Ke3 Ra2 51. h4 Kh5 52. Kxe4 Kxh4
53. Bxf3 h5 54. Bxh5 Ra4+ 55. Kd3 Kh3 56. Bd1 1-0

[Event "Gibtelecom Masters 1st"]
[Site "Gibraltar"]
[Date "2003.02.01"]
[Round "5"]
[White "Thompson, Ian"]
[Black "Malinarski, Yehuda"]
[Result "1-0"]
[WhiteElo "2256"]
[BlackElo "2199"]
[PlyCount "107"]
[EventDate "2003.01.28"]
[EventType "swiss"]
[EventRounds "10"]
[EventCountry "GGB"]
[SourceTitle "BritBase"]
[Source "www.saund.co.uk"]
[SourceDate "2018.02.10"]
[SourceVersion "1"]
[SourceVersionDate "2018.02.10"]
[SourceQuality "1"]

1. c4 Nf6 2. Nc3 c5 3. g3 g6 4. Bg2 Nc6 5. Nf3 Bg7 6. d4 cxd4 7. Nxd4 O-O 8.
O-O Ne5 9. b3 d6 10. Bb2 h5 11. h3 Bd7 12. Nd5 Nxd5 13. cxd5 Qb6 14. Qd2 Rfc8
15. a4 a5 16. Rac1 Bxa4 17. bxa4 Nc4 18. Rxc4 Rxc4 19. e3 Rxa4 20. Bc3 Rc8 21.
Rc1 Rc5 22. Bf1 Ra3 23. Ba1 Ra2 24. Qxa2 Rxc1 25. Nb3 Rd1 26. Qc2 Rxa1 27. Qc8+
Kh7 28. Nxa1 Bxa1 29. Qf8 Qb2 30. Qxe7 Qf6 31. Qxb7 Kg7 32. Qc7 Bc3 33. Bb5 Be1
34. Qc2 Bb4 35. Kg2 g5 36. Be2 Qe5 37. Bxh5 Qxd5+ 38. Bf3 Qe5 39. Qa2 Bc3 40.
Qa4 Be1 41. Qd1 Bb4 42. Bc6 Qc5 43. Bd5 a4 44. Qf3 f6 45. Qf5 Be1 46. Qd7+ Kh6
47. Be4 f5 48. Bxf5 Qd5+ 49. e4 Qg8 50. Qxd6+ Kg7 51. Qd4+ Kf8 52. Qxa4 Qf7 53.
Qa3+ Kg8 54. Qc1 1-0

[Event "Gibtelecom Masters 1st"]
[Site "Gibraltar"]
[Date "2003.02.01"]
[Round "5"]
[White "White, Kevin"]
[Black "Radovanovic, Jovica"]
[Result "0-1"]
[WhiteElo "2053"]
[BlackElo "2280"]
[PlyCount "124"]
[EventDate "2003.01.28"]
[EventType "swiss"]
[EventRounds "10"]
[EventCountry "GGB"]
[SourceTitle "BritBase"]
[Source "www.saund.co.uk"]
[SourceDate "2018.02.10"]
[SourceVersion "1"]
[SourceVersionDate "2018.02.10"]
[SourceQuality "1"]

1. e4 c5 2. Nf3 d6 3. d4 cxd4 4. Nxd4 Nf6 5. Nc3 Nc6 6. Bc4 Qb6 7. Nxc6 bxc6 8.
O-O g6 9. Be3 Qc7 10. h3 Bg7 11. f4 O-O 12. Bd4 Bb7 13. e5 dxe5 14. Bxe5 Qb6+
15. Kh2 Rad8 16. Qe2 c5 17. b3 Qc6 18. Rad1 e6 19. Bb5 Qb6 20. Na4 Qa5 21. Bd6
Rxd6 22. Rxd6 Qc7 23. Rdd1 Nd5 24. Qc4 Bd4 25. Rxd4 cxd4 26. Qxc7 Nxc7 27. Bd3
Nd5 28. Nc5 Ba8 29. Ne4 h5 30. Ng3 Rc8 31. Ne4 Rd8 32. Nd2 Ne3 33. Rf2 Bd5 34.
Kg3 h4+ 35. Kxh4 Nxg2+ 36. Kg3 Ne3 37. Nf3 Bb7 38. Rd2 f6 39. Be2 Nf5+ 40. Kf2
Kf7 41. Bd3 Bxf3 42. Kxf3 Nd6 43. Rg2 Rg8 44. Be2 g5 45. Bf1 e5 46. fxe5 fxe5
47. Bc4+ Nxc4 48. bxc4 Ke6 49. c3 Rf8+ 50. Kg4 Rf4+ 51. Kxg5 dxc3 52. Rc2 Rxc4
53. h4 Kd5 54. h5 Kd4 55. h6 Rc8 56. h7 Kd3 57. Rh2 c2 58. Rh3+ Kd2 59. Rh1 e4
60. Kf4 Rf8+ 61. Kg5 Kd3 62. Kg4 e3 0-1

[Event "Gibtelecom Masters 1st"]
[Site "Gibraltar"]
[Date "2003.02.01"]
[Round "5"]
[White "Wohl, Aleksandar H"]
[Black "Bick, John"]
[Result "1/2-1/2"]
[WhiteElo "2415"]
[BlackElo "2296"]
[PlyCount "47"]
[EventDate "2003.01.28"]
[EventType "swiss"]
[EventRounds "10"]
[EventCountry "GGB"]
[SourceTitle "BritBase"]
[Source "www.saund.co.uk"]
[SourceDate "2018.02.10"]
[SourceVersion "1"]
[SourceVersionDate "2018.02.10"]
[SourceQuality "1"]

1. e4 e5 2. Nf3 Nf6 3. Nxe5 d6 4. Nf3 Nxe4 5. d4 d5 6. Bd3 Bd6 7. O-O O-O 8.
Nc3 Nxc3 9. bxc3 Bg4 10. h3 Bh5 11. Rb1 b6 12. c4 c6 13. cxd5 cxd5 14. c4 Nc6
15. cxd5 Nb4 16. Bf5 Nxa2 17. Bd2 a5 18. g4 Bg6 19. Bxg6 hxg6 20. Qb3 Nb4 21.
Ne5 Bxe5 22. Bxb4 Bd6 23. Bxd6 Qxd6 24. Qxb6 1/2-1/2

[Event "Gibtelecom Masters 1st"]
[Site "Gibraltar"]
[Date "2003.02.02"]
[Round "6"]
[White "Baum, Bernd"]
[Black "Bick, John"]
[Result "0-1"]
[WhiteElo "2252"]
[BlackElo "2296"]
[PlyCount "94"]
[EventDate "2003.01.28"]
[EventType "swiss"]
[EventRounds "10"]
[EventCountry "GGB"]
[SourceTitle "BritBase"]
[Source "www.saund.co.uk"]
[SourceDate "2018.02.10"]
[SourceVersion "1"]
[SourceVersionDate "2018.02.10"]
[SourceQuality "1"]

1. c4 Nf6 2. g3 e6 3. Bg2 d5 4. cxd5 exd5 5. Nf3 Bd6 6. O-O O-O 7. b3 Bg4 8.
Bb2 Re8 9. Re1 Nbd7 10. Nc3 c6 11. Qc2 Nf8 12. d3 Ne6 13. e3 Bc7 14. b4 Bxf3
15. Bxf3 d4 16. Na4 dxe3 17. fxe3 Ng5 18. Bg2 Ng4 19. Nc5 Nxe3 20. Qd2 Nxg2 21.
Rxe8+ Qxe8 22. Kxg2 Qd8 23. Qe3 Qd5+ 24. Ne4 h6 25. h4 Bb6 26. Qe2 Ne6 27. Kh2
Bd4 28. Bxd4 Qxd4 29. Rb1 Rd8 30. Rb3 Qe5 31. Qf2 f5 32. Nc5 Nd4 33. Ra3 b6 34.
Nb3 Nb5 35. d4 Qe4 36. Ra6 Rd7 37. a4 Nxd4 38. Nxd4 Rxd4 39. Rxa7 Rc4 40. Rd7
Rxb4 41. h5 Rxa4 42. Rd8+ Kh7 43. Rf8 Ra5 44. Rd8 Rc5 45. Rd2 f4 46. g4 Rc1 47.
Qg2 f3 0-1

[Event "Gibtelecom Masters 1st"]
[Site "Gibraltar"]
[Date "2003.02.02"]
[Round "6"]
[White "Bellon Lopez, Juan Manuel"]
[Black "Luther, Thomas"]
[Result "1/2-1/2"]
[WhiteElo "2428"]
[BlackElo "2575"]
[PlyCount "40"]
[EventDate "2003.01.28"]
[EventType "swiss"]
[EventRounds "10"]
[EventCountry "GGB"]
[SourceTitle "BritBase"]
[Source "www.saund.co.uk"]
[SourceDate "2018.02.10"]
[SourceVersion "1"]
[SourceVersionDate "2018.02.10"]
[SourceQuality "1"]

1. d4 e6 2. e4 d5 3. Nc3 Nf6 4. Bg5 dxe4 5. Nxe4 Nbd7 6. Nf3 h6 7. Bh4 Be7 8.
Nxf6+ Bxf6 9. Bxf6 Nxf6 10. c3 O-O 11. Bd3 b6 12. Qe2 Bb7 13. O-O-O Qd5 14. Kb1
c5 15. Rhg1 Qd8 16. Ne5 cxd4 17. cxd4 Qc7 18. Rde1 b5 19. Bxb5 Nd5 20. Nf3 Nf4
1/2-1/2

[Event "Gibtelecom Masters 1st"]
[Site "Gibraltar"]
[Date "2003.02.02"]
[Round "6"]
[White "Cherniaev, Alexander"]
[Black "Ledger, David"]
[Result "1-0"]
[WhiteElo "2504"]
[BlackElo "2267"]
[PlyCount "69"]
[EventDate "2003.01.28"]
[EventType "swiss"]
[EventRounds "10"]
[EventCountry "GGB"]
[SourceTitle "BritBase"]
[Source "www.saund.co.uk"]
[SourceDate "2018.02.10"]
[SourceVersion "1"]
[SourceVersionDate "2018.02.10"]
[SourceQuality "1"]

1. d4 f5 2. c4 Nf6 3. Nc3 e6 4. Qc2 b6 5. e3 Bb7 6. f3 Bb4 7. Bd3 c5 8. Nge2
Nc6 9. O-O cxd4 10. exd4 O-O 11. a3 Bd6 12. Nb5 Bb8 13. Be3 Qe8 14. Bf2 Qh5 15.
Bg3 Bxg3 16. hxg3 Rad8 17. Nd6 Ba8 18. b4 Ne7 19. Qd2 g5 20. a4 Kh8 21. a5 b5
22. Nxb5 f4 23. g4 Nxg4 24. fxg4 Qxg4 25. d5 f3 26. Ned4 a6 27. Nxf3 axb5 28.
Qxg5 Qxg5 29. Nxg5 bxc4 30. Nf7+ Rxf7 31. Rxf7 cxd3 32. Rxe7 Bxd5 33. Kf2 Kg8
34. Ke3 Rb8 35. a6 1-0

[Event "Gibtelecom Masters 1st"]
[Site "Gibraltar"]
[Date "2003.02.02"]
[Round "6"]
[White "Cramling, Pia"]
[Black "Medvegy, Nora"]
[Result "1/2-1/2"]
[WhiteElo "2492"]
[BlackElo "2376"]
[PlyCount "69"]
[EventDate "2003.01.28"]
[EventType "swiss"]
[EventRounds "10"]
[EventCountry "GGB"]
[SourceTitle "BritBase"]
[Source "www.saund.co.uk"]
[SourceDate "2018.02.10"]
[SourceVersion "1"]
[SourceVersionDate "2018.02.10"]
[SourceQuality "1"]

1. d4 Nf6 2. c4 e6 3. Nf3 b6 4. g3 Ba6 5. Nbd2 Bb4 6. Qb3 c5 7. Bg2 Bb7 8. O-O
Na6 9. a3 Bxd2 10. Bxd2 cxd4 11. Nxd4 Nc5 12. Qe3 Bxg2 13. Kxg2 d5 14. Rfd1
dxc4 15. Bb4 Qe7 16. Rac1 a5 17. Qf3 Rc8 18. Be1 Nce4 19. b4 O-O 20. bxa5 bxa5
21. Bxa5 Qb7 22. Rc2 h6 23. h3 Qb8 24. Bb4 Rfd8 25. Rcc1 Rd7 26. e3 Qe5 27. Qe2
Qd5 28. f3 Ng5 29. h4 Ngh7 30. e4 Qa8 31. Nb5 Rxd1 32. Rxd1 Ne8 33. Rd4 Qa6 34.
Nc3 Nf8 35. Qd2 1/2-1/2

[Event "Gibtelecom Masters 1st"]
[Site "Gibraltar"]
[Date "2003.02.02"]
[Round "6"]
[White "Epishin, Vladimir"]
[Black "Tiviakov, Sergei"]
[Result "1/2-1/2"]
[WhiteElo "2626"]
[BlackElo "2635"]
[PlyCount "34"]
[EventDate "2003.01.28"]
[EventType "swiss"]
[EventRounds "10"]
[EventCountry "GGB"]
[SourceTitle "BritBase"]
[Source "www.saund.co.uk"]
[SourceDate "2018.02.10"]
[SourceVersion "1"]
[SourceVersionDate "2018.02.10"]
[SourceQuality "1"]

1. d4 Nf6 2. c4 e6 3. Nf3 b6 4. g3 Bb7 5. Bg2 Be7 6. Nc3 Ne4 7. Bd2 f5 8. d5
O-O 9. Qc2 exd5 10. Nxd5 Nc6 11. Rd1 a5 12. O-O Bf6 13. Bc3 Bxc3 14. bxc3 Ne7
15. Nd4 Nxd5 16. cxd5 Qf6 17. Nb5 Nd6 1/2-1/2

[Event "Gibtelecom Masters 1st"]
[Site "Gibraltar"]
[Date "2003.02.02"]
[Round "6"]
[White "Gyimesi, Zoltan"]
[Black "Agdestein, Simen"]
[Result "1/2-1/2"]
[WhiteElo "2585"]
[BlackElo "2578"]
[PlyCount "90"]
[EventDate "2003.01.28"]
[EventType "swiss"]
[EventRounds "10"]
[EventCountry "GGB"]
[SourceTitle "BritBase"]
[Source "www.saund.co.uk"]
[SourceDate "2018.02.10"]
[SourceVersion "1"]
[SourceVersionDate "2018.02.10"]
[SourceQuality "1"]

1. d4 Nf6 2. c4 e6 3. Nf3 b6 4. g3 Ba6 5. Qa4 g6 6. Bg2 Bb7 7. Nc3 Ne4 8. Nxe4
Bxe4 9. Bg5 f6 10. Bd2 Bg7 11. O-O O-O 12. Rad1 f5 13. d5 e5 14. Qa3 Bxf3 15.
exf3 d6 16. f4 Nd7 17. fxe5 Nxe5 18. Qb3 Qd7 19. Qc2 a5 20. Rfe1 Rae8 21. b3
Qf7 22. a3 h6 23. h3 g5 24. f4 gxf4 25. gxf4 Ng6 26. Qd3 Qf6 27. Kh2 Kh7 28.
Qg3 Qb2 29. Bc1 Qa1 30. Bf3 Rxe1 31. Rxe1 Bf6 32. Bh5 Nh4 33. Bd2 Qb2 34. Re2
Rg8 35. Qd3 Kh8 36. Be1 Rg2+ 37. Kh1 Rxe2 38. Qxe2 Qc1 39. Qe8+ Kh7 40. Qf7+
Bg7 41. Qe7 Ng6 42. Bxg6+ Kxg6 43. Qe6+ Bf6 44. Qg8+ Bg7 45. Qe6+ Bf6 1/2-1/2

[Event "Gibtelecom Masters 1st"]
[Site "Gibraltar"]
[Date "2003.02.02"]
[Round "6"]
[White "Jonkman, Harmen"]
[Black "Bellin, Robert"]
[Result "0-1"]
[WhiteElo "2436"]
[BlackElo "2360"]
[PlyCount "142"]
[EventDate "2003.01.28"]
[EventType "swiss"]
[EventRounds "10"]
[EventCountry "GGB"]
[SourceTitle "BritBase"]
[Source "www.saund.co.uk"]
[SourceDate "2018.02.10"]
[SourceVersion "1"]
[SourceVersionDate "2018.02.10"]
[SourceQuality "1"]

1. e4 e5 2. Nf3 Nf6 3. Nxe5 d6 4. Nf3 Nxe4 5. d4 d5 6. Bd3 Bd6 7. O-O O-O 8. c4
c6 9. Qc2 Na6 10. a3 f5 11. c5 Bb8 12. Nc3 Qf6 13. b4 Bd7 14. Ne2 Be8 15. Ne5
Nc7 16. f3 Ne6 17. fxe4 Nxd4 18. Nxd4 Bxe5 19. Nb3 Bxa1 20. exd5 Bd4+ 21. Kh1
cxd5 22. Nxd4 Qxd4 23. Bb2 Qe3 24. Qd1 Bh5 25. Qb3 Rad8 26. Bc1 Qe6 27. Bg5 Rc8
28. Bf4 Rf7 29. Qc3 a6 30. a4 Qe7 31. Re1 Qh4 32. Rf1 Qf6 33. Be5 Qe6 34. Bf4
Qf6 35. Be5 Qe6 36. Bf4 h6 37. Re1 Qf6 38. Be5 Qh4 39. Bg3 Qd8 40. Qd4 Qd7 41.
b5 f4 42. Bxf4 axb5 43. Bxb5 Qg4 44. Qxd5 Qxf4 45. Qxh5 Qb4 46. Rc1 Rfc7 47. c6
bxc6 48. Bc4+ Kh8 49. h3 Qxa4 50. Qg6 Qa3 51. Rb1 Rd8 52. Be6 Qd6 53. Qg4 Re7
54. Bf5 Rde8 55. Qh4 Rf8 56. Bg4 Qf6 57. Qg3 Qf2 58. Qc3 c5 59. Bf3 Re3 60. Qc4
Re1+ 61. Rxe1 Qxe1+ 62. Kh2 Qe5+ 63. Kh1 Qd4 64. Qe6 Qa1+ 65. Kh2 Qf6 66. Qd7
Qf4+ 67. Kh1 Rb8 68. Qd1 c4 69. Qc2 c3 70. Qg6 Qg5 71. Qe4 Qd2 0-1

[Event "Gibtelecom Masters 1st"]
[Site "Gibraltar"]
[Date "2003.02.02"]
[Round "6"]
[White "Lalic, Bogdan"]
[Black "McNab, Colin"]
[Result "1-0"]
[WhiteElo "2547"]
[BlackElo "2423"]
[PlyCount "115"]
[EventDate "2003.01.28"]
[EventType "swiss"]
[EventRounds "10"]
[EventCountry "GGB"]
[SourceTitle "BritBase"]
[Source "www.saund.co.uk"]
[SourceDate "2018.02.10"]
[SourceVersion "1"]
[SourceVersionDate "2018.02.10"]
[SourceQuality "1"]

1. d4 d6 2. Nf3 g6 3. c4 Bg7 4. Nc3 c6 5. e4 Bg4 6. Be3 Bxf3 7. Qxf3 Nd7 8. Qd1
c5 9. Be2 cxd4 10. Bxd4 Bxd4 11. Qxd4 Ngf6 12. O-O O-O 13. Rfe1 Nc5 14. Bf1 a5
15. Rad1 Ra6 16. e5 Nfd7 17. exd6 Rxd6 18. Nd5 Re6 19. Rxe6 fxe6 20. Nc3 Qc7
21. g3 Ne5 22. Bg2 Nf3+ 23. Bxf3 Rxf3 24. Nb5 Qb6 25. Rd2 Rf8 26. Qe3 a4 27. h4
Qc6 28. Nd4 Qa6 29. Qe2 Rd8 30. h5 Qa5 31. h6 Ne4 32. Rd3 Ng5 33. Qe3 e5 34.
Nb5 Rxd3 35. Qxd3 Qe1+ 36. Kg2 Qe4+ 37. Qxe4 Nxe4 38. f3 Nc5 39. Kf2 Kf7 40.
Ke3 g5 41. Nc3 Kg6 42. Ne4 Ne6 43. b4 axb3 44. axb3 Kxh6 45. b4 Kg6 46. g4 h5
47. gxh5+ Kxh5 48. Nf2 Nd4 49. Ke4 Nc2 50. Nd3 Kh4 51. b5 Na3 52. Nxe5 e6 53.
b6 Kg3 54. c5 Nb5 55. Kd3 Kf4 56. c6 Nd6 57. Nc4 Nxc4 58. Kxc4 1-0

[Event "Gibtelecom Masters 1st"]
[Site "Gibraltar"]
[Date "2003.02.02"]
[Round "6"]
[White "Ledger, Stephen"]
[Black "Schmitz, Andreas Arnold"]
[Result "1/2-1/2"]
[WhiteElo "2172"]
[BlackElo "2131"]
[PlyCount "60"]
[EventDate "2003.01.28"]
[EventType "swiss"]
[EventRounds "10"]
[EventCountry "GGB"]
[SourceTitle "BritBase"]
[Source "www.saund.co.uk"]
[SourceDate "2018.02.10"]
[SourceVersion "1"]
[SourceVersionDate "2018.02.10"]
[SourceQuality "1"]

1. d4 d5 2. Nf3 Nf6 3. Bf4 e6 4. e3 Bd6 5. Bg3 Ne4 6. Nbd2 f5 7. Nxe4 fxe4 8.
Ne5 O-O 9. Be2 Nd7 10. Nxd7 Qxd7 11. O-O c6 12. c4 Bxg3 13. hxg3 Qe7 14. a3 Qg5
15. Qb3 h5 16. Rac1 Rb8 17. Qb4 Bd7 18. Qd6 Rbd8 19. g4 Bc8 20. Qg3 h4 21. Qe5
Qxe5 22. dxe5 dxc4 23. Bxc4 Rd2 24. b4 Rb2 25. Rb1 Rd2 26. f4 exf3 27. gxf3 b5
28. Bb3 Rd3 29. Kf2 Rd2+ 30. Kg1 Rd3 1/2-1/2